[Event "USA Championship 2021"]
[Site "Saint Louis"]
[Date "2021.10.07"]
[Round "2.5"]
[White "Sevian, Samuel"]
[Black "Robson, Ray"]
[Result "1/2-1/2"]
[WhiteElo "2654"]
[BlackElo "2669"]
[Annotator "TA"]
[PlyCount "80"]
[EventDate "2021.10.06"]
[EventCountry "USA"]
[SourceTitle "playchess.com"]
[Source "ChessBase"]
[SourceQuality "1"]

{[%evp 9,80,17,20,0,2,2,0,0,6,0,8,0,1,8,0,7,10,0,-11,-39,-31,-21,0,0,0,0,0,-12,38,0,0,0,0,-23,-35,-33,-30,-85,-95,-91,-100,-88,-81,-89,-97,-104,-57,-39,-54,-40,-49,-47,-51,-44,-29,-25,-30,-37,18,0,0,0,0,0,25,0,0,0,0,0,0,0,0]} 1. d4 Nf6 2. c4 e6 3. Nf3 d5 4. Nc3 Bb4 5. cxd5 exd5 6. Bf4 {D38: Queen's Gambit Declined: Ragozin Defence (4 Nf3 Bb4).} Ne4 7. Rc1 Nc6 8. Nd2 g5 9. Be3 Nxc3 10. bxc3 Bd6 11. h4 Bf4 12. Bxf4 gxf4 13. e3 fxe3 {[#]} 14. fxe3 $146 ({Predecessor:} 14. Qe2 O-O 15. fxe3 Ne7 16. Qf3 Nf5 17. e4 dxe4 18. Nxe4 Qe7 19. Bd3 Nd6 20. O-O Nxe4 21. Bxe4 Qxh4 {1-0 (45) Xiong,J (2691)-Burke,J (2562) Philadelphia 2019}) 14... Qe7 15. Qf3 Bd7 16. Kf2 O-O-O 17. Qxd5 Rhg8 18. Qe4 Be6 19. Be2 f5 $1 {[%cal Rf5e4]} 20. Qf4 Qg7 21. Rh2 (21. Bf3 {is more complex.} Ne7 22. Nb3 Bc4 23. Kg1 Qf7 24. e4) 21... Ne7 22. Kg1 Nd5 23. Qf2 {[#]} (23. Qf3 $11) 23... Qh6 $1 $17 24. Nf3 Nxe3 {And now ...Ng4 would win.} 25. Ng5 Ng4 26. Bxg4 fxg4 27. Re1 Bd7 28. g3 $1 {[#] Strongly threatening Nf7.} Rgf8 29. Qd2 Qd6 30. Ne4 Qg6 31. Rf2 Bc6 32. Rxf8 Rxf8 33. d5 {h5 is the strong threat.} Bb5 (33... Bd7 $15) 34. Qd4 Qb6 35. Nc5 Bd7 36. Rf1 Re8 37. Rf6 Qb1+ {The position is equal.} 38. Rf1 Qb6 39. Rf6 Qb1+ 40. Rf1 Qb6 {Weighted Error Value: White=0.06/Black=0.07} 1/2-1/2

[Event "USA Championship 2021"]
[Site "Saint Louis"]
[Date "2021.10.07"]
[Round "2.6"]
[White "Shankland, Sam"]
[Black "Bruzon Batista, Lazaro"]
[Result "1/2-1/2"]
[WhiteElo "2714"]
[BlackElo "2645"]
[Annotator "TA"]
[PlyCount "78"]
[EventDate "2021.10.06"]
[EventCountry "USA"]
[SourceTitle "playchess.com"]
[Source "ChessBase"]
[SourceQuality "1"]

{[%evp 24,78,37,34,42,35,51,40,47,51,47,43,52,54,60,47,51,10,10,10,10,10,10,9,10,0,0,-14,-13,-18,-25,-11,0,0,0,0,0,0,0,0,0,0,0,0,0,0,0,0,0,0,0,0,0,0,0,0,0]} 1. e4 e5 2. Nf3 Nc6 3. Bb5 a6 4. Ba4 Nf6 5. O-O Nxe4 6. d4 b5 7. Bb3 d5 8. dxe5 Be6 9. Nbd2 Nc5 10. c3 d4 11. Bxe6 Nxe6 12. cxd4 Ncxd4 13. a4 Bb4 {is the new trend. C80: Open Ruy Lopez: Sidelines and 9 Nbd2.} 14. axb5 Nxf3+ ({Much worse is} 14... axb5 $6 15. Rxa8 Qxa8 16. Nxd4 $18) 15. Nxf3 axb5 {White is slightly better.} 16. Rxa8 Qxa8 17. Ng5 {Hoping for Nxe6.} Be7 18. Nxe6 fxe6 19. Qg4 {[%mdl 64] [#] Double Attack} Kf7 20. Qf4+ (20. Bg5 $5 {[%cal Rg5e7]} Re8 21. Rc1 $14) 20... Ke8 $1 {[#]} 21. Rd1 $146 ({Predecessor:} 21. Be3 Rf8 22. Qg4 Kf7 23. h3 Qd5 24. Qh5+ Kg8 25. Rd1 Qc6 26. Rc1 Qd7 27. Qg4 {1-0 (56) Bacrot,E (2705)-Fressinet,L (2676) Germany 2009}) 21... Rf8 22. Qg4 Qa4 23. Qxa4 bxa4 $11 {[%mdl 4096] Endgame KRB-KRB} 24. Kf1 Bc5 25. f4 g5 26. Ke2 gxf4 27. Kf3 Be3 {The position is equal.} 28. g4 Ke7 29. Bxe3 fxe3+ 30. Kxe3 {KR-KR} Rb8 31. Rd2 h6 32. h4 Rb3+ 33. Ke4 c5 34. h5 Rb4+ 35. Kf3 Rb3+ 36. Kf4 Rb4+ 37. Kf3 Rb3+ 38. Kf4 Rb4+ 39. Kf3 Rb3+ {Weighted Error Value: White=0.03/Black=0.01} 1/2-1/2

[Event "USA Championship 2021"]
[Site "Saint Louis"]
[Date "2021.10.08"]
[Round "3.1"]
[White "Swiercz, Dariusz"]
[Black "Naroditsky, Daniel"]
[Result "1-0"]
[WhiteElo "2647"]
[BlackElo "2623"]
[Annotator "TA"]
[PlyCount "117"]
[EventDate "2021.10.06"]
[EventCountry "USA"]
[SourceTitle "playchess.com"]
[Source "ChessBase"]
[SourceQuality "1"]

{[%evp 25,117,51,45,38,52,56,79,83,91,73,79,54,70,54,61,57,61,58,58,53,62,60,61,58,62,59,64,54,58,60,62,69,58,54,60,55,60,55,68,56,66,0,68,54,63,58,63,63,116,122,107,103,112,100,539,126,5419,5424,6922,7025,5483,5427,6647,6616,5887,5828,5427,5598,5362,5313,4878,5065,4735,4256,4256,1976,5737,5616,5030,4720,3504,2452,29970,29972,29973,29975,29975,29976,29976,29976,29984,29985,29985,29985]} 1. e4 c5 2. Nf3 d6 3. d4 cxd4 4. Nxd4 Nf6 5. Nc3 g6 6. Be3 Bg7 7. f3 Nc6 8. Qd2 O-O 9. O-O-O d5 10. exd5 Nxd5 11. Nxc6 bxc6 12. Bd4 e5 13. Bc5 Re8 14. Ne4 {B76: Sicilian Dragon: Yugoslav Attack, 9 g4 and 9 0-0-0.} Qc7 {14...Be6 is not played anymore.} 15. h4 f5 16. Nd6 {White is better.} Rd8 17. Nxc8 Raxc8 18. h5 Nb6 $1 19. Bxb6 Rxd2 20. Bc4+ Kf8 21. Bxc7 Rxd1+ 22. Rxd1 Rxc7 23. hxg6 $14 {[%mdl 4096] Endgame KRB-KRB} Bh6+ 24. Kb1 hxg6 25. Rd6 Kg7 26. b4 Bf4 27. Re6 Rb7 28. a3 a5 29. Kb2 axb4 30. a4 Ra7 31. Kb3 $1 {[%mdl 1024] White has compensation.} c5 32. Bb5 Kf7 33. Bc4 {Ra6+ is the strong threat.} Kg7 34. Bd3 {[#]} Bg3 $146 ({Predecessor:} 34... Kf7 35. Rb6 Ra5 36. Bc4+ Kg7 37. Bb5 e4 38. fxe4 fxe4 39. Re6 e3 40. Kc4 Ra7 41. Kxc5 Rc7+ 42. Bc6 Kf7 {1-0 (59) Kollars,D (2621)-Blomqvist,E (2536) Stavanger 2021}) 35. Rc6 Ra5 36. Bb5 Ra7 {White leaves nothing to chance now.} (36... Bf2 $14) 37. Rxc5 $16 e4 38. fxe4 fxe4 39. Rc6 Rc7 $2 {[%mdl 8192]} (39... e3 $16) 40. Kxb4 $2 (40. Rxc7+ $1 $18 Bxc7 41. Kxb4) 40... Rxc6 $4 {[%mdl 8192]} (40... Be1+ $16 41. c3 Rxc6 42. Bxc6 e3) 41. Bxc6 $18 {KB-KB} e3 42. Bf3 $1 Kf6 43. a5 {[%cal Ba4a5,Ba5a6][%mdl 32]} Ke7 44. Kc5 Kd7 45. a6 Kc7 46. Kd5 Kb6 {[#]} 47. Be2 $1 Bh4 48. Ke6 Bd8 49. Kf7 g5 50. Kg6 Ka7 51. Kf5 Be7 52. Ke4 Bc5 53. Kd5 Bb6 54. c4 {White mates.} Kb8 55. c5 Ba7 56. Kd6 Kc8 57. Bg4+ Kd8 58. c6 Bb8+ {[#]} 59. c7+ $1 {Weighted Error Value: White=0.31/Black=0.49} 1-0

[Event "USA Championship 2021"]
[Site "Saint Louis"]
[Date "2021.10.08"]
[Round "3.2"]
[White "Lenderman, Aleksandr"]
[Black "So, Wesley"]
[Result "1/2-1/2"]
[WhiteElo "2607"]
[BlackElo "2778"]
[Annotator "TA"]
[PlyCount "81"]
[EventDate "2021.10.06"]
[EventCountry "USA"]
[SourceTitle "playchess.com"]
[Source "ChessBase"]
[SourceQuality "1"]

{[%evp 11,81,23,23,23,23,-8,23,25,25,25,26,25,33,32,54,29,46,44,52,0,0,0,14,0,0,-14,-10,-8,-8,-9,-10,-16,-16,-20,-6,-6,-6,-14,-3,-2,0,-8,-5,-18,-6,-6,-6,-6,-6,-6,-6,-6,-6,-15,0,0,0,0,0,0,0,0,0,0,0,0,0,0,0,0,0,0]} 1. d4 Nf6 2. c4 e6 3. Nf3 d5 4. Nc3 c5 5. cxd5 cxd4 6. Qxd4 exd5 7. e4 {D41: Queen's Gambit Declined: Semi-Tarrasch with 5 cxd5.} dxe4 8. Qxd8+ Kxd8 9. Ng5 {White has an edge.} Be6 10. Nxe6+ fxe6 11. Bg5 h6 $1 {[%mdl 4] 11...h6 is the recent fashion.} 12. O-O-O+ Ke7 $1 13. Bxf6+ gxf6 14. Nxe4 Bg7 {[#]} 15. Kb1 $146 (15. Bb5 $14) ({Predecessor:} 15. Bd3 f5 16. Ng3 Nc6 17. Rhe1 Be5 18. Nxf5+ exf5 19. f4 Rad8 20. fxe5 Rhf8 21. Re3 {½-½ (57) Radjabov,T (2765)-Carlsen,M (2847) chess24.com INT 2021}) 15... f5 $11 {The position is equal.} 16. Ng3 {And now Bc4 would win.} Nc6 17. Bc4 Rhd8 18. Rhe1 {[#] Black must now prevent Nxf5+.} Rxd1+ 19. Rxd1 Rd8 20. Rxd8 Nxd8 {[%mdl 4096] Endgame KBN-KBN} 21. Ne2 Nc6 22. Nf4 Nd4 23. Kc1 Kd6 24. h3 b5 25. Bd3 a6 26. g4 Bf6 {[#] ...Bg5 is the strong threat.} 27. Ne2 Nxe2+ 28. Bxe2 {KB-KB} Bd4 29. gxf5 exf5 30. f3 Ke5 31. Bd3 Kf4 32. b3 Be3+ 33. Kd1 Bd4 34. Ke2 Bc5 (34... h5 {with more complications.} 35. a4 bxa4 36. bxa4 a5 37. Kd2 Bc5) 35. a4 bxa4 36. bxa4 a5 37. Bc2 Bb6 38. Bd3 Ba7 39. Bc2 Bb6 40. Bd3 Bc5 41. Bc2 {Weighted Error Value: White=0.04/Black=0.02} 1/2-1/2

[Event "USA Championship 2021"]
[Site "Saint Louis"]
[Date "2021.10.08"]
[Round "3.3"]
[White "Caruana, Fabiano"]
[Black "Burke, John M"]
[Result "1-0"]
[WhiteElo "2800"]
[BlackElo "2554"]
[Annotator "TA"]
[PlyCount "57"]
[EventDate "2021.10.06"]
[EventCountry "USA"]
[SourceTitle "playchess.com"]
[Source "ChessBase"]
[SourceQuality "1"]

{[%evp 13,57,0,6,8,26,2,9,2,18,12,14,16,14,6,14,20,85,91,89,97,120,134,118,114,129,89,127,116,109,114,120,114,179,178,377,387,374,380,522,518,656,642,871,855,835,786]} 1. e4 e5 2. Nf3 Nc6 3. Bb5 a6 4. Ba4 Nf6 5. d3 b5 6. Bb3 Bc5 7. c3 $1 {[%mdl 4] is more profitable than 7.0-0 at the moment.} d6 8. Bg5 {C77: Ruy Lopez: 3...a6 4 Ba4 Nf6, unusual lines.} h6 9. Bh4 Ba7 10. O-O {[#] The position is equal.} Na5 $146 ({Predecessor:} 10... g5 11. Bg3 Rg8 12. d4 exd4 13. Nxd4 Nxd4 14. cxd4 Bb7 15. Re1 Kf8 16. e5 dxe5 17. Bxe5 {0-1 (85) Nandhidhaa,P (2060)-Hakimifard,R (1930) Porto Carras 2010}) 11. Bc2 g5 12. Bg3 Nh5 13. a4 Nxg3 14. hxg3 Nc6 (14... b4 $11) 15. axb5 $16 axb5 {aiming for ...Bxf2+!} 16. Na3 Ba6 17. Bb3 Ne7 18. d4 exd4 19. Nxd4 b4 {[#]} 20. Nc4 $40 {[%mdl 128] White attacks with force.} ({And not} 20. cxb4 Bxf1 21. Kxf1 O-O $15) 20... Bxc4 21. Bxc4 {Bb5+ is the strong threat.} O-O 22. cxb4 d5 (22... Bb6 $16 {was necessary.}) 23. exd5 $18 Qd6 $2 {[#]} (23... Bb6 {was called for.}) 24. Nb5 $1 {[%csl LRa7,LRd6][%cal Rb5d6]} Qxb4 25. b3 Qc5 26. Qf3 {White is clearly winning.} ({Weaker is} 26. Nxa7 Rxa7 27. Rxa7 Qxa7 $18) 26... Kg7 27. Ra6 ({Not} 27. Nxa7 Rxa7 28. Qc3+ f6 $18) 27... f6 28. Rfa1 Nc8 29. Kh2 {Weighted Error Value: White=0.00/Black=0.38} 1-0

[Event "USA Championship 2021"]
[Site "Saint Louis"]
[Date "2021.10.08"]
[Round "3.4"]
[White "Bruzon Batista, Lazaro"]
[Black "Dominguez Perez, Leinier"]
[Result "1/2-1/2"]
[WhiteElo "2645"]
[BlackElo "2760"]
[Annotator "TA"]
[PlyCount "54"]
[EventDate "2021.10.06"]
[EventCountry "USA"]
[SourceTitle "playchess.com"]
[Source "ChessBase"]
[SourceQuality "1"]

{[%evp 17,54,0,0,7,7,0,0,0,0,0,0,0,0,0,0,0,0,0,0,0,60,0,0,0,0,0,0,0,0,0,0,0,0,0,0,0,0,0,0]} 1. e4 e5 2. Nf3 Nc6 3. Bc4 Bc5 4. c3 Nf6 5. d4 exd4 6. e5 d5 7. Bb5 Ne4 8. cxd4 Bb6 9. Nc3 O-O 10. Be3 {C54: Giuoco Piano: 4 c3 Nf6, main lines with 5 d4 and 5 d3.} Bg4 11. h3 Bh5 12. Qc2 Ba5 {12...Nxc3 gains popularity.} 13. O-O Bxf3 14. gxf3 Nxd4 15. Bxd4 Qg5+ $1 16. Kh1 Bxc3 17. bxc3 Qf5 {[#] Threatens to win with ...Ng3+!} 18. Rfc1 Qxh3+ 19. Kg1 Ng5 {[%cal Rg5f3] The position is equal.} 20. Be2 {And now f4 would win.} Nxf3+ 21. Bxf3 Qxf3 {[#]} 22. Re1 $146 ({Predecessor:} 22. Qd1 Qxd1+ 23. Rxd1 b6 24. Rd3 Rfe8 25. Rad1 Kf8 26. f4 c6 27. Kf2 Ke7 28. Rh3 {1-0 (52) Grigorian,S (2433)-Reuker,J (2399) Bremen 2020}) 22... Qg4+ 23. Kh2 Qh4+ 24. Kg2 {[#] Black must now prevent Re3.} Qg4+ 25. Kh2 Qh4+ 26. Kg2 {aiming for Re3.} Qg4+ 27. Kh2 Qh4+ {A rather calm draw.  Weighted Error Value: White=0.00/Black=0.00} 1/2-1/2

[Event "USA Championship 2021"]
[Site "Saint Louis"]
[Date "2021.10.08"]
[Round "3.5"]
[White "Robson, Ray"]
[Black "Shankland, Sam"]
[Result "1/2-1/2"]
[WhiteElo "2669"]
[BlackElo "2714"]
[Annotator "TA"]
[PlyCount "128"]
[EventDate "2021.10.06"]
[EventCountry "USA"]
[SourceTitle "playchess.com"]
[Source "ChessBase"]
[SourceQuality "1"]

{[%evp 9,128,9,34,25,44,35,32,20,29,27,44,32,42,41,56,52,63,63,68,70,83,93,88,83,87,83,105,105,127,98,100,73,77,60,81,71,63,68,65,50,53,59,91,86,86,0,0,0,0,0,0,0,0,0,0,0,0,0,0,0,0,0,0,0,0,8,20,20,20,20,20,20,20,20,20,0,0,0,1,0,32,32,17,17,32,18,55,55,55,55,55,55,55,55,55,55,55,55,55,55,55,55,55,55,55,55,55,0,0,0,0,0,0,0,0,0,0,0,0,0,0]} 1. e4 c5 2. Nf3 d6 3. Bb5+ Nd7 4. a4 Ngf6 5. Nc3 g6 6. a5 {B51: Sicilian: Moscow Variation (3 Bb5+) without 3...Bd7.} a6 7. Be2 Bg7 8. O-O {White is slightly better.} O-O 9. d3 b5 10. axb6 $1 Bb7 11. Nd2 Nxb6 {[#]} 12. Nb3 $146 ({Predecessor:} 12. f4 a5 13. Qe1 a4 14. Qh4 Nfd7 15. Ra3 e6 16. Qh3 f5 17. Nf3 Qe7 18. Re1 {1-0 (76) Zakrzewski,M (2273)-Gahan,M (2279) Szklarska Poreba 2021}) 12... Qc7 13. Na5 Bc8 14. Bg5 e5 15. Qd2 Be6 16. Bf3 Nfd7 17. b3 Rae8 18. Nc4 Nb8 19. h3 Kh8 20. Bg4 f5 21. exf5 gxf5 22. Bh5 Bf7 23. Bxf7 Rxf7 24. f4 Rg8 25. Kh1 h6 {[#]} 26. Bh4 Kh7 27. Rf2 (27. fxe5 $16 Nxc4 28. bxc4 (28. dxc4 Bxe5 29. Nd5 Qb7 $16) 28... Bxe5 29. Nd5) 27... exf4 $1 $11 28. Re1 (28. Rxf4 $2 d5 $17) 28... Bd4 29. Nxb6 Qxb6 ({But not} 29... Bxf2 $6 30. Qxf2 Qxb6 31. Nd5 $16) 30. Nd5 Qb7 31. c4 Bxf2 32. Qxf2 Nc6 {[#] Hoping for ...Ne5.} 33. Nf6+ Rxf6 $1 34. Bxf6 Rg6 35. Ba1 Nd4 36. Bxd4 cxd4 {[%mdl 4096] Endgame KQR-KQR} 37. Kh2 Rg3 38. Re6 Re3 $1 {[%cal Re3e6]} 39. Rxd6 f3 {Strongly threatening ...Re2.} 40. Qg3 {Threatening mate with Qg6+!} (40. Rxd4 $2 Re2 $19) 40... Qg7 41. Qxg7+ ({Not} 41. Rxa6 $2 f2 $19) 41... Kxg7 42. gxf3 ({Don't go for} 42. Rxa6 $2 f2 $19) 42... Rxd3 {KR-KR} 43. Kg3 Rxb3 44. Rxd4 a5 45. Rd7+ Kf6 46. Rd6+ Kg7 47. Ra6 Rc3 48. Rxa5 {Rc5 is the strong threat.} Rxc4 49. Rxf5 Kg6 50. Re5 Ra4 51. h4 Rb4 52. Ra5 Rc4 53. Ra6+ Kh5 54. Rb6 Ra4 55. Re6 Rb4 56. Re4 Rb5 57. Re3 Ra5 58. f4 (58. Rd3 $14) 58... Kg6 {The position is equal.} 59. Kg4 {next Re6+ is good for White.} h5+ 60. Kf3 Kf5 61. Rb3 Rc5 62. Re3 Ra5 63. Rb3 Rc5 64. Re3 Ra5 {Weighted Error Value: White=0.04/Black=0.05} 1/2-1/2

[Event "USA Championship 2021"]
[Site "Saint Louis"]
[Date "2021.10.08"]
[Round "3.6"]
[White "Xiong, Jeffery"]
[Black "Sevian, Samuel"]
[Result "0-1"]
[WhiteElo "2700"]
[BlackElo "2654"]
[Annotator "TA"]
[PlyCount "90"]
[EventDate "2021.10.06"]
[EventCountry "USA"]
[SourceTitle "playchess.com"]
[Source "ChessBase"]
[SourceQuality "1"]

{[%evp 10,90,0,0,0,0,0,0,0,0,-2,-2,-2,0,33,29,47,30,52,54,76,12,6,5,11,0,23,-11,2,0,13,-4,-8,-35,-39,-37,-18,-25,0,0,0,0,0,0,0,0,4,3,10,0,0,0,7,0,0,0,0,-95,-93,-85,-82,-85,-89,-92,-89,-81,-87,-181,-186,-215,-217,-265,-275,-258,-157,-176,-175,-435,-427,-643,-636,-1047,-1032]} 1. d4 Nf6 2. c4 e6 3. g3 d5 4. Bg2 dxc4 5. Qa4+ Nbd7 6. Qxc4 c5 {E03: Open Catalan: 5 Qa4+ Nbd7 6 Qxc4.} 7. Nf3 a6 8. Qb3 cxd4 {The position is equal.} 9. Nxd4 Nc5 10. Qe3 Nd5 11. Qd2 {[#]} Be7 $146 ({Predecessor:} 11... b5 12. Nc3 Bb7 13. Nxd5 Bxd5 14. Nc6 Qd6 15. Bxd5 exd5 16. Nd4 Ne4 17. Qd3 Qb4+ {½-½ (53) Donchenko,A (2644)-Narayanan,S (2529) Sitges 2019}) 12. O-O O-O 13. Rd1 Qb6 14. Nc3 Nf6 15. Qe3 (15. Qf4 $16) 15... Rd8 $11 16. h3 Bd7 17. b3 Bf8 18. Bb2 Be8 19. Rac1 Rd7 20. Nb1 Nd5 21. Qf3 Nb4 22. Nc3 Rad8 23. Qe3 Rd6 24. a3 Nc6 25. Nxc6 Rxd1+ 26. Nxd1 Bxc6 27. b4 Bxg2 28. Kxg2 Na4 29. Qxb6 Nxb6 30. Ne3 Rd7 31. Nc4 Na4 32. Ne5 Rd2 33. Ba1 (33. Bc3 $11 {keeps the balance.} Rxe2 34. Nd7 Nxc3 35. Rxc3) 33... f6 $17 ({Weaker is} 33... Rxe2 34. Nd7 $14) 34. Nd3 {[#]} e5 $1 35. Kf1 Ra2 36. Bc3 Rxa3 37. Bd2 Bd6 38. b5 (38. f3 $17) 38... axb5 $19 39. Rb1 e4 40. Nf4 Ra2 41. Be1 b4 {[%cal Bb5b4,Bb4b3][%mdl 32]} 42. Nd5 Rb2 43. Rd1 {[#]} (43. Rxb2 Nxb2 44. Bxb4 Bxb4 45. Nxb4) 43... b5 {Black is clearly winning.} 44. Rd4 (44. Nxf6+ $142 gxf6 45. Rxd6) 44... b3 {aiming for ...Rb1.} 45. Nc3 Nxc3 {Weighted Error Value: White=0.39/Black=0.07} 0-1

[Event "USA Championship 2021"]
[Site "Saint Louis"]
[Date "2021.10.09"]
[Round "4.1"]
[White "Burke, John M"]
[Black "Bruzon Batista, Lazaro"]
[Result "1/2-1/2"]
[WhiteElo "2554"]
[BlackElo "2645"]
[Annotator "TA"]
[PlyCount "102"]
[EventDate "2021.10.06"]
[EventCountry "USA"]
[SourceTitle "playchess.com"]
[Source "ChessBase"]
[SourceQuality "1"]

{[%evp 22,102,0,0,19,19,16,0,21,8,24,25,48,44,60,33,50,22,25,26,33,-2,-2,-10,0,0,0,0,-6,0,0,0,0,4,4,5,5,4,0,0,5,0,4,0,0,0,0,0,11,2,12,8,8,6,4,4,14,6,22,0,0,0,0,0,0,0,0,0,0,0,0,0,0,0,0,0,0,0,0,0,0,0,0]} 1. e4 e5 2. Nf3 Nc6 3. Bb5 Nf6 4. d3 Bc5 5. c3 O-O 6. O-O d6 7. Nbd2 a6 8. Ba4 Ba7 9. h3 Ne7 10. d4 Ng6 11. Bc2 Re8 12. Re1 Bd7 {C54: Giuoco Piano: 4 c3 Nf6, main lines with 5 d4 and 5 d3.} 13. Nf1 {[%cal Bd2f1,Bf1g3,Bg3f5,Bf5d6][%mdl 32]} c5 14. dxc5 dxc5 15. Bg5 Be6 {[#]} 16. Ng3 $146 ({Predecessor:} 16. Ne3 c4 17. Qe2 Bxe3 18. Bxe3 h6 19. Nd2 b5 20. a4 Qe7 21. Ra2 b4 22. Nxc4 bxc3 23. bxc3 {1-0 (54) Dominguez Perez,L (2763)-Wang,H (2726) Khanty Mansiysk 2019}) 16... Qxd1 17. Rexd1 Kf8 18. Nf5 c4 19. Rd2 Red8 20. Nd6 Rdb8 21. Rad1 (21. Bxf6 $5 gxf6 22. Nh2 $14) 21... Ne8 {The position is equal.} 22. Nf5 f6 23. Be3 b5 24. h4 Bxe3 25. Nxe3 Nh8 26. Nh2 Nf7 27. Nhf1 Rd8 28. Nd5 Bxd5 29. Rxd5 Rxd5 30. Rxd5 Nc7 31. Rd7 Ne6 32. Ne3 Ke8 33. Rd1 Rd8 34. Nd5 Nd6 35. a4 Rd7 36. axb5 axb5 37. Ra1 Kf7 38. f3 Nf4 39. Ne3 Nc8 40. Ra5 Rd2 {[#] And now ...Re2 would win.} 41. Rxb5 Re2 42. Rb7+ $1 Kg6 43. Nf5 Rxg2+ ({Stronger than} 43... Rxc2 44. Rxg7+ Kh5 45. g4#) 44. Kh1 Rxc2 45. Rxg7+ Kh5 46. Rxh7+ Kg6 47. Rg7+ Kh5 48. Rh7+ Kg6 49. Rg7+ Kh5 50. Rh7+ Kg6 51. Rg7+ Kh5 {Weighted Error Value: White=0.04/Black=0.04} 1/2-1/2

[Event "USA Championship 2021"]
[Site "Saint Louis"]
[Date "2021.10.09"]
[Round "4.2"]
[White "Robson, Ray"]
[Black "Xiong, Jeffery"]
[Result "1-0"]
[WhiteElo "2669"]
[BlackElo "2700"]
[Annotator "TA"]
[PlyCount "55"]
[EventDate "2021.10.06"]
[EventCountry "USA"]
[SourceTitle "playchess.com"]
[Source "ChessBase"]
[SourceQuality "1"]

{[%evp 9,55,35,43,41,43,31,29,20,26,23,30,27,28,25,10,18,70,72,85,75,72,66,50,42,61,77,66,75,82,74,71,75,78,76,97,88,139,136,127,94,503,502,448,427,29975,29976,29976,29971]} 1. e4 c5 2. Nf3 Nc6 3. Bb5 e5 4. O-O Bd6 5. c3 a6 6. Ba4 {B30: Sicilian: 2...Nc6 3 Bb5, lines without ...g6.} b5 7. Bc2 Nge7 8. a4 {And now axb5 would win.White has an edge.} b4 9. Re1 {[#]} Ng6 $146 ({Predecessor:} 9... Qc7 10. d3 O-O 11. Nbd2 a5 12. Nc4 Ba6 13. Ne3 Nd8 14. Bb3 Ne6 15. Nd5 Nxd5 16. Bxd5 {0-1 (44) Heinemann,J (2257)-Khukhashvili,S (2342) Antalya 2019}) 10. d4 bxc3 11. dxe5 cxb2 12. Bxb2 Bxe5 ({Black should play} 12... Bc7 $1 $11) 13. Nxe5 Ngxe5 14. Bxe5 Nxe5 15. Qd5 {[%mdl 64] [#] Double Attack} Nc6 16. Qxc5 Qe7 17. Qxe7+ Kxe7 18. Nc3 $36 {[%mdl 2048] White has strong initiative.} Nb4 19. Nd5+ Nxd5 20. exd5+ Kd8 21. d6 a5 22. Bd3 Rb8 (22... Ba6 $142 23. Bxa6 Rxa6) 23. Rab1 $16 Rb7 24. Rec1 Rb4 $2 {[%mdl 8192] [#] This costs Black the game.} (24... Rxb1 $16 25. Rxb1 Re8) 25. Rxb4 $1 $18 axb4 26. a5 {[%cal Ba4a5,Ba5a6,Ba6a7][%mdl 32] Hoping for a6.} Bb7 (26... Re8 $18 27. a6 Re5) 27. a6 Ba8 28. a7 {Weighted Error Value: White=0.03/Black=0.86} 1-0

[Event "USA Championship 2021"]
[Site "Saint Louis"]
[Date "2021.10.09"]
[Round "4.3"]
[White "So, Wesley"]
[Black "Caruana, Fabiano"]
[Result "1/2-1/2"]
[WhiteElo "2778"]
[BlackElo "2800"]
[Annotator "TA"]
[PlyCount "52"]
[EventDate "2021.10.06"]
[EventCountry "USA"]
[SourceTitle "playchess.com"]
[Source "ChessBase"]
[SourceQuality "1"]

{[%evp 12,52,13,6,12,8,14,0,0,0,0,0,0,0,0,0,10,0,0,0,0,0,0,-13,0,-20,91,89,185,0,0,0,0,0,0,0,0,0,0,0,0,0,0]} 1. d4 Nf6 2. c4 e6 3. Nc3 Bb4 4. Qc2 O-O 5. a3 Bxc3+ 6. Qxc3 d6 {6...d5 is the modern continuation.} 7. Nf3 Re8 {E32: Nimzo-Indian: Classical (4 Qc2): 4...0-0.} 8. b4 a5 9. Bb2 axb4 10. axb4 Rxa1+ 11. Bxa1 {[#]} b5 $146 ({Predecessor:} 11... c6 12. e3 Na6 13. Qa3 Qb6 14. Bc3 e5 15. b5 exd4 16. Bxd4 Nc5 17. Be2 Nfe4 {½-½ (58) Stephan,J (2546)-Ninov,N (2600) ICCF email 2009}) 12. cxb5 Nbd7 13. e3 Nb6 14. Bd3 Bb7 15. O-O Bxf3 16. gxf3 Nfd5 17. Qb3 Qh4 18. Kg2 e5 (18... f5 $11 {keeps the balance.}) 19. dxe5 $16 Re6 {[#]} (19... dxe5 $16 20. Be4 Nf6) 20. exd6 $2 (20. Rd1 $1 $18) 20... Qg5+ $1 $11 {The position is equal.} ({Wrong is} 20... Rh6 $2 21. Be5 $18) 21. Kh1 Qh5 $36 {[%mdl 2048] ( -> ...Rh6). White is under pressure.} 22. Qb2 {[%csl Ga1][%cal Rb2g7]} Qxf3+ 23. Kg1 {[%csl Ga1][%cal Rb2g7]} Qg4+ 24. Kh1 Qf3+ 25. Kg1 {[%csl Ga1][%cal Rb2g7] [#]} Qg4+ 26. Kh1 Qf3+ {Weighted Error Value: White=0.22/Black=0.15} 1/2-1/2